000 00281nam a2200121Ia 4500
008 190722s9999 xx 000 0 und d
020 _a978-81-265-5701-1
100 _aRobert Parrino
245 0 _aCorporate Finance
260 _aIndia
_bWiley
_c2015
300 _a790
942 _cBK
999 _c899
_d899